000
00301nam a2200133Ia 4500
005
20251222155137.0
008
251222s9999||||xx |||||||||||||| ||spa||
082
_a
EBA.95
100
_a
ZAMORA EDITORES
245
0
_a
Manual de la EnfermerÃa
250
_a
1ra. ed.
264
_b
Zamora
942
_c
LIB
999
_c
39047
_d
39047